Engineering Circuit Analysis / (Record no. 1963)
[ view plain ]
| 000 -LEADER | |
|---|---|
| fixed length control field | 00929nac a22002531u 4500 |
| 008 - FIXED-LENGTH DATA ELEMENTS--GENERAL INFORMATION | |
| fixed length control field | 100908t2006 xxu|||||r|||| 001 0 eng d |
| 010 ## - LIBRARY OF CONGRESS CONTROL NUMBER | |
| LC control number | 2005033982 |
| 020 ## - INTERNATIONAL STANDARD BOOK NUMBER | |
| International Standard Book Number | 0071106693 |
| 020 ## - INTERNATIONAL STANDARD BOOK NUMBER | |
| International Standard Book Number | 9780071106696 |
| 035 ## - SYSTEM CONTROL NUMBER | |
| System control number | (OCoLC)ocm62225026 |
| 082 00 - DEWEY DECIMAL CLASSIFICATION NUMBER | |
| Classification number | 621.3192 |
| Item number | HAY |
| Edition number | 22 |
| 100 ## - MAIN ENTRY--PERSONAL NAME | |
| Personal name | Hayt, William Hart, |
| 9 (RLIN) | 18797 |
| 245 10 - TITLE STATEMENT | |
| Title | Engineering Circuit Analysis / |
| Statement of responsibility, etc | William H. Hayt, Jr., Jack E. Kemmerly, Steven M. Durbin. |
| 250 ## - EDITION STATEMENT | |
| Edition statement | 7th ed. |
| 260 ## - PUBLICATION, DISTRIBUTION, ETC. (IMPRINT) | |
| Place of publication, distribution, etc | Boston : |
| Name of publisher, distributor, etc | McGraw-Hill Higher Education, |
| Date of publication, distribution, etc | 2006. |
| 300 ## - PHYSICAL DESCRIPTION | |
| Extent | xxiii, 856 p. : |
| Other physical details | ill. ; |
| Dimensions | 26 cm. |
| 500 ## - GENERAL NOTE | |
| General note | Includes index. |
| 650 #0 - SUBJECT ADDED ENTRY--TOPICAL TERM | |
| Topical term or geographic name as entry element | Electric circuit analysis. |
| 9 (RLIN) | 18798 |
| 650 #0 - SUBJECT ADDED ENTRY--TOPICAL TERM | |
| Topical term or geographic name as entry element | Electric network analysis. |
| 9 (RLIN) | 18799 |
| 700 1# - ADDED ENTRY--PERSONAL NAME | |
| Personal name | Kemmerly, Jack E. |
| Fuller form of name | (Jack Ellsworth), |
| Dates associated with a name | 1924- |
| 9 (RLIN) | 18800 |
| 700 1# - ADDED ENTRY--PERSONAL NAME | |
| Personal name | Durbin, Steven M. |
| 9 (RLIN) | 18801 |
| 856 41 - ELECTRONIC LOCATION AND ACCESS | |
| Materials specified | Table of contents only |
| Uniform Resource Identifier | <a href="http://www.loc.gov/catdir/toc/ecip064/2005033982.html">http://www.loc.gov/catdir/toc/ecip064/2005033982.html</a> |
| 942 ## - ADDED ENTRY ELEMENTS (KOHA) | |
| Item type | NB - Book (Non borrowing) |
| Call number prefix | 621.3192 HAY |
| Source of classification or shelving scheme | Dewey Decimal Classification |
| Withdrawn status | Item status | Source of classification or shelving scheme | Damaged status | Not for loan | Vendor | Home library | Current library | Shelving location | Date acquired | Source of acquisition | Total Checkouts | Total Renewals | Full call number | Barcode | Date last seen | Date last borrowed | Cost, replacement price | Koha item type | Materials specified (bound volume or other part) |
|---|---|---|---|---|---|---|---|---|---|---|---|---|---|---|---|---|---|---|---|
| Dewey Decimal Classification | Baccah | Central Library | Central Library | First floor | 08/09/2010 | Purchase | 3 | 28 | 621.3192 HAY | 000056828 | 15/07/2025 | 15/05/2019 | 285.70 | Book - Borrowing | |||||
| Lost | Dewey Decimal Classification | Central Library | Central Library | First floor | 08/09/2010 | 621.3192 HAY | 000002402 | 24/08/2016 | 285.70 | NB - Book (Non borrowing) | Lost In Inventory_2017-8-25 |